000 00664nam a22002297a 4500
005 20170124110246.0
010 _a215399
020 _c00.00
035 _a215399
037 _bCen Lib/Ret
040 _aDPL
_bEN
082 _a809
_bFOD
100 _aFord, Ford Madox
_997445
245 _aThe march of literature :
_bfrom Confucius to modern times /
_cby Ford Madox Ford
260 _aLondon
_bAllen and Unwin
_c1947
270 _bLondon
_aMuseum Street
300 _a807p.
_c21cm(Hb)
500 _aIncludes index
650 _aLiterature -- History and criticism.
_936942
650 _aLiterature.
_96262
942 _2ddc
_cEN
_h809
_mFOD
999 _c135502
_d135502